Aku cantik? (Record no. 124656)

MARC details
000 -LEADER
fixed length control field 00681nam a2200253 i 4500
001 - CONTROL NUMBER
control field C2-0324793
003 - CONTROL NUMBER IDENTIFIER
control field PPAK
005 - DATE AND TIME OF LATEST TRANSACTION
control field 20180728123027.0
008 - FIXED-LENGTH DATA ELEMENTS--GENERAL INFORMATION
fixed length control field 131229s2013 my |||| ||||| | may d
020 ## - INTERNATIONAL STANDARD BOOK NUMBER
International Standard Book Number 9789831248669
040 ## - CATALOGING SOURCE
Original cataloging agency PPAK
Language of cataloging eng
Transcribing agency PPAK
Description conventions rda
082 04 - DEWEY DECIMAL CLASSIFICATION NUMBER
Classification number 899.233
Edition number 23
090 00 - LOCALLY ASSIGNED LC-TYPE CALL NUMBER (OCLC); LOCAL CALL NUMBER (RLIN)
Classification number (OCLC) (R) ; Classification number, CALL (RLIN) (NR) 899.233
Feature heading RAI
Feature heading G
100 0# - MAIN ENTRY--PERSONAL NAME
Personal name Raihan Zaffya,
Relator term author
245 10 - TITLE STATEMENT
Title Aku cantik?
264 #1 - PRODUCTION, PUBLICATION, DISTRIBUTION, MANUFACTURE, AND COPYRIGHT NOTICE
Place of production, publication, distribution, manufacture Shah Alam, Selangor :
Name of producer, publisher, distributor, manufacturer Grup Buku Karangkraf ,
Date of production, publication, distribution, manufacture, or copyright notice 2013
300 ## - PHYSICAL DESCRIPTION
Extent 509 pages ;
Dimensions 19 cm
336 ## - CONTENT TYPE
Source rdacontent
Content type term text
337 ## - MEDIA TYPE
Source rdamedia
Media type term unmediated
338 ## - CARRIER TYPE
Source rdacarrier
Carrier type term volume
650 10 - SUBJECT ADDED ENTRY--TOPICAL TERM
Topical term or geographic name entry element Malay fiction.
700 0# - ADDED ENTRY--PERSONAL NAME
Personal name Sa'adiah Mohamad,
Relator term editor
942 ## - ADDED ENTRY ELEMENTS (KOHA)
-- dc
Koha item type Book
Holdings
Withdrawn Not for loan Current library Shelving location Date acquired Full call number Barcode Date last seen Koha item type Total Checkouts Date last checked out Total Renewals
    Perpustakaan Alor Setar Pinjaman Dewasa 06/01/2014 899.233 RAI A01427162 09/05/2018 Book      
    Perpustakaan Alor Setar Pinjaman Dewasa 06/01/2014 899.233 RAI A01427163 09/05/2018 Book      
    Perpustakaan Awam Sungai Petani Pinjaman Dewasa 06/01/2014 899.233 RAI A01427164 09/05/2018 Book      
    Perpustakaan Bandar Baharu Pinjaman Dewasa 06/01/2014 899.233 RAI A01427171 09/05/2018 Book      
    Perpustakaan Jitra Pinjaman Dewasa 06/01/2014 899.233 RAI A01427165 09/05/2018 Book      
    Perpustakaan Kuala Nerang Pinjaman Dewasa 06/01/2014 899.233 RAI A01427172 21/07/2022 Book 2 14/07/2022 1
    Perpustakaan Kulim Pinjaman Dewasa 06/01/2014 899.233 RAI A01427167 09/05/2018 Book      
    Perpustakaan Langkawi Pinjaman Dewasa 06/01/2014 899.233 RAI A01427166 07/09/2022 Book 3 22/08/2022  
    Perpustakaan Merbok Pinjaman Dewasa 06/01/2014 899.233 RAI A01427174 09/05/2018 Book      
    Perpustakaan Pendang Pinjaman Dewasa 06/01/2014 899.233 RAI A01427175 09/05/2018 Book      
    Perpustakaan Sik Pinjaman Dewasa 06/01/2014 899.233 RAI A01427169 09/05/2018 Book      
    Perpustakaan Yan Pinjaman Dewasa 06/01/2014 899.233 RAI A01427168 27/12/2021 Book 1 25/04/2021  
    PD34, Kg. Pantai Prai Pinjaman Dewasa 06/01/2014 899.233 RAI A01427173 09/05/2018 Book